Szegényho "záchranný pás" Predkvalifikácia ME '98 hádzanárov: Slovensko-Lotyšsko 24:21 (13:10)

Bibliographic Details
Main Author: Simonides, Zdeno (Author)
Format: Article
Language:Slovak
Subjects:

MARC

LEADER 00000nab a2200000 a 4500
001 vtls000615832
003 SK-MaSNL
005 20260303013838.0
008 160401c1997 xo 0 slo
015 |a SNBRB19rr/mm-uuuuu 
035 |a CL0615971 
040 |a SNKBUCL  |b slo  |c SNKBUCL  |e AACR2 
041 0 |a slo 
044 |a xo  |c SK 
080 |a 796.332.093.1  |2 1981 
100 1 |a Simonides, Zdeno  |4 aut  |9 267849 
245 1 0 |a Szegényho "záchranný pás"  |b Predkvalifikácia ME '98 hádzanárov: Slovensko-Lotyšsko 24:21 (13:10)  |c Zdeno Simonides 
650 0 7 |a hádzaná  |2 snkbucl  |9 3292 
655 7 |a články z novín a časopisov  |2 snkbucl  |9 267496 
773 0 |t Šport  |g Roč. 51, č. 79 (7. 4. 1997), s. 19 
850 |a Slovenská národná knižnica v Martine  |a MTA001 
852 |a SNK  |b KIS3GCP 
958 |a SK 
958 |a LY 
958 |a RK 
958 |a RBX 
999 |c 1604721  |d 1606651